=LDR 00000nam 2200000 4500 =001 INLIS000000000810060 =005 20251016092106 =035 ##$$a 0010-1025000043 =007 ta =008 251016###########################0#ara## =082 ##$$a 297.14 =084 ##$$a 297.14 BAD h =245 ##$$a Hawasyi asy-Syabighah ‘ala Ikhtishar Mukhtashar /$c Muhammad Badruddin bin Balban al-Hanbali =260 ##$$a Riyadh :$b Dar al-Asfar =300 ##$; $c 24 cm. =520 ##$$a Kitab ini merupakan hasyiyah (penjelasan dan komentar) atas Ikhtishar Mukhtashar al-Khiraqi dalam mazhab Hanbali. Menjelaskan masalah-masalah fikih, istidlal, dan pendapat ulama Hanabilah secara terperinci